[Event "Ismagambetov Memorial 1st"]
[Site "Chess.com INT"]
[Date "2020.06.26"]
[Round "1"]
[White "Safarli, Eltaj"]
[Black "Medybayev, Daniyar"]
[Result "0-1"]
[WhiteElo "2598"]
[BlackElo "2295"]
[PlyCount "87"]
[EventDate "2020.06.26"]
[EventType "swiss (blitz)"]
[EventRounds "11"]
[EventCountry "KAZ"]
[SourceTitle "CBM 197 Extra"]
[Source "ChessBase"]
[SourceDate "2020.09.30"]
[SourceVersion "1"]
[SourceVersionDate "2020.09.30"]
[SourceQuality "1"]

1. e4 d6 2. d4 c6 3. Nc3 Nd7 4. Nf3 e5 5. Bc4 b5 6. Bb3 b4 7. Ne2 Be7 8. 0-0 Ngf6 9. Ng3 a5 10. a4 g6 11. h3 0-0 12. Bh6 Re8 13. Qd2 exd4 14. Nxd4 Bb7 15. Ndf5 Nc5 16. Nxe7+ Qxe7 17. Rae1 Nxb3 18. cxb3 Qe6 19. f4 Qxb3 20. f5 Qxg3 21. Bf4 Qh4 22. Qxd6 Nxe4 23. Qc7 Ba6 24. fxg6 hxg6 25. Bg3 Qe7 26. Rf3 Qxc7 27. Bxc7 Nd2 28. Rxe8+ Rxe8 29. Rf6 Nb3 30. Rxc6 Bd3 31. Rd6 Be4 32. Bd8 Kg7 33. Bf6+ Kh6 34. Kf2 Re6 35. Rxe6 fxe6 36. Bd8 Bc6 37. g4 Bxa4 38. Ke3 Bc6 39. Kf4 a4 40. Be7 Nc1 41. Ke5 a3 42. bxa3 b3 43. Kf6 b2 44. Kf7 0-1

[Event "Ismagambetov Memorial 1st"]
[Site "Chess.com INT"]
[Date "2020.06.26"]
[Round "8"]
[White "Tologontegin, Semetey"]
[Black "Medybayev, Daniyar"]
[Result "1-0"]
[WhiteElo "2358"]
[BlackElo "2295"]
[PlyCount "71"]
[EventDate "2020.06.26"]
[EventType "swiss (blitz)"]
[EventRounds "11"]
[EventCountry "KAZ"]
[SourceTitle "CBM 197 Extra"]
[Source "ChessBase"]
[SourceDate "2020.09.30"]
[SourceVersion "1"]
[SourceVersionDate "2020.09.30"]
[SourceQuality "1"]

1. Nf3 c5 2. e3 g6 3. d4 Bg7 4. Be2 Nf6 5. 0-0 0-0 6. d5 a6 7. c4 e6 8. Nc3 exd5 9. Nxd5 Nc6 10. Bd2 b5 11. Rc1 bxc4 12. Bxc4 Ne4 13. Qc2 Nxd2 14. Qxd2 d6 15. Rfd1 Bg4 16. Be2 a5 17. Nc3 Qb6 18. Qxd6 Rad8 19. Qf4 Qxb2 20. Qxg4 Rxd1+ 21. Rxd1 Bxc3 22. Bc4 Nb4 23. Ng5 Bf6 24. Nxf7 Rxf7 25. Qe6 Kg7 26. Qxf7+ Kh6 27. Qf8+ Kh5 28. Qxc5+ Kh6 29. g4 Qc2 30. Rd7 Bb2 31. g5+ Kh5 32. Rxh7+ Kg4 33. Qc8+ Kxg5 34. h4+ Kf6 35. Rf7+ Ke5 36. Qe6# 1-0